000 00380 a2200133 4500
000 nam a22 7a 4500
100 _aGanachari, Aravind
110 _aGanachari, Aravind
245 _aIndians in the First World War
250 _aLatest edition
260 _bAtlantic Publishers & Distributors
_c2024
264 _bAtlantic Publishers & Distributors
_c2024
942 _cBK
999 _c394781
_d394781